Capitales européennes en V - Statistiques

Statistiques générales
  • Ce quiz a été pris 201 fois
  • Le résultat moyen est 4 sur 5
Statistiques - réponses
Réponse % Correct
Varsovie
92%
Vienne
85%
Vatican
80%
Vilnius
80%
Vaduz
72%
Aucun quiz correspondant
Distribution des résultats
% des personnes avec chaque résultat
Percentile par nombre de réponses
Votre historique - résultats
Vous n’avez pas pris ce quiz